El partido socialista obrero (Record no. 107466)

MARC details
000 -LEADER
campo de control de longitud fija 00743nam a2200205 i 4500
001 - NÚMERO DE CONTROL
campo de control 107466
003 - IDENTIFICADOR DE NÚMERO DE CONTROL
campo de control ES-MaACL
005 - FECHA Y HORA DE LA ÚLTIMA TRANSACCIÓN
campo de control 20250827063219.0
007 - CAMPO FIJO DE DESCRIPCIÓN FÍSICA--INFORMACIÓN GENERAL
campo de control de longitud fija t|
008 - DATOS DE LONGITUD FIJA--INFORMACIÓN GENERAL
campo de control de longitud fija 061121s1976 sp r ||||1| spa d
100 1# - ENTRADA PRINCIPAL--NOMBRE DE PERSONA
Nombre de persona Morato, Juan José,
Fechas asociadas al nombre 1864-1938
9 (RLIN) 83163
245 13 - MENCIÓN DEL TÍTULO
Título El partido socialista obrero
Resto del título : génesis, doctrina, hombres, organización, desarrollo, acción, estado actual /
Mención de responsabilidad, etc. Juan José Morato Caldeiro.
260 ## - PUBLICACIÓN, DISTRIBUCIÓN, ETC.
Lugar de publicación, distribución, etc. Madrid :
Nombre del editor, distribuidor, etc. Ayuso,
Fecha de publicación, distribución, etc. 1976.
300 ## - DESCRIPCIÓN FÍSICA
Extensión 231 p. ;
Dimensiones 21.
490 1# - MENCIÓN DE SERIE
Mención de serie Biblioteca de textos socialistas ;
Designación de volumen o secuencia 12
610 24 - PUNTO DE ACCESO ADICIONAL DE MATERIA--NOMBRE DE ENTIDAD CORPORATIVA
Nombre de entidad corporativa o nombre de jurisdicción como elemento de entrada Partido Socialista Obrero Español.
9 (RLIN) 6155
830 0# - PUNTO DE ACCESO ADICIONAL DE SERIE-TÍTULO UNIFORME
Título uniforme Biblioteca de textos socialistas ;
Designación de volumen o secuencia 12
9 (RLIN) 184392
852 ## - LOCALIZACIÓN
Ubicación ES-MaACL
Número de control de estantería A-5831
Sublocalización o colección R.94671
Holdings
Estatus retirado Estado de pérdida Estado de daño No para préstamo Biblioteca de origen Biblioteca actual Ubicación en estantería Fecha de adquisición Fuente de adquisición Total de préstamos Signatura topográfica completa Código de barras Visto por última vez Fecha del último préstamo Precio de reemplazo Tipo de ítem Koha
        Biblioteca del Ateneo de Madrid Biblioteca del Ateneo de Madrid Sala Pecera Planta 1 17/01/2008   1 A-5831 1112158 19/03/2026 03/02/2026 23/02/2023 Libro impreso